| 000 | 00571nam a2200157 a 4500 | ||
|---|---|---|---|
| 008 | 120416s1970 ||||||||||||||||| || u | ||
| 020 | _a0435833510 | ||
| 050 | _aDT 434.K4 Ger | ||
| 100 | _aGertzel, Cherry | ||
| 245 | 1 | 4 | _aThe Politics of independent Kenya, 1963-8 |
| 260 |
_aNairobi: _bEast African Publishing House _c1970 |
||
| 300 | _axii, 180p. | ||
| 350 | _a0.00 | ||
| 650 | _aKENYA--POLITICS AND GOVERNMENT-1963 | ||
| 995 |
_D0.00 _FCBU-MAIN LIBRARY (Kitwe) _H1 _I15.00 _UDAMAGED _ZMain Library Open Access Collection |
||
| 999 |
_c53946 _d53946 |
||